000 00872nam a2200241Ia 4500
003 OSt
005 20220923221852.0
006 a|||||r|||| 00| 0
007 ta
008 220922b |||||||| |||| 00| 0 hin d
024 _a200,641
037 _cTextual
040 _aARTS
_cARTS
_bhin
041 _2hin
_ahin
082 _aV2:5'N7, 152L7
100 _aरेड्डी, सी0 जी0 के0
_9162272
245 0 _aबडोदा डायनमाइट षड्यत्रं
_b विद्रोह का अधिकार
246 _aBaḍodā ḍāyanamāiṭ ṣhaḍyatran: vidroh kā adhikāra
260 _aदिल्ली
_b राजपाल एण्ड सन्ज
_c1977
300 _a143पृ.
_ccm.
942 _hV2:5'N7, 152L7
_cTEXL
_2CC
999 _c352313
_d352313